[Event "CZE-ch U16 Girls"]
[Site "Kouty nad Desnou"]
[Date "2024.03.11"]
[Round "3"]
[White "Dominikova, Denisa"]
[Black "Lackova, Ludmila"]
[Result "1/2-1/2"]
[WhiteElo "1716"]
[BlackElo "1652"]
[PlyCount "101"]
[EventDate "2024.03.09"]
[EventType "swiss"]
[EventRounds "9"]
[EventCountry "CZE"]
[SourceTitle "CB12_2024"]
[SourceDate "2023.10.01"]
[SourceVersion "1"]
[SourceVersionDate "2023.10.01"]
[SourceQuality "1"]

1. e4 e5 2. Nf3 Nf6 3. Nxe5 d6 4. Nf3 Nxe4 5. Nc3 Nxc3 6. dxc3 Be7 7. Be3 Nd7 8. Qd2 0-0 9. 0-0-0 c6 10. h4 d5 11. Bd3 Nc5 12. Nd4 Nxd3+ 13. Qxd3 Bc5 14. g4 a5 15. Nf5 Bxe3+ 16. Qxe3 Bxf5 17. gxf5 Qf6 18. Rdg1 h6 19. Kb1 b5 20. Rh2 Kh7 21. Rhg2 Rg8 22. Qd3 Rae8 23. f4 Re4 24. Qg3 b4 25. h5 a4 26. cxb4 Rxb4 27. c3 Rb5 28. Qd3 d4 29. Qxd4 Qxd4 30. cxd4 Rxf5 31. Rc1 Rxf4 32. Rxc6 Rxd4 33. Rc7 Rh4 34. Rxf7 Rxh5 35. Rg4 Ra5 36. Kc2 h5 37. Rg2 Kh6 38. Rc7 h4 39. Kc3 g5 40. Kb4 Raa8 41. Rg1 h3 42. Rd7 g4 43. Rd6+ Kh5 44. Rd5+ Kh4 45. Rd7 Rg5 46. Rh7+ Rh5 47. Rg7 Rb8+ 48. Kxa4 Ra8+ 49. Kb4 Rb8+ 50. Kc4 Rc8+ 51. Kd4 1/2-1/2

[Event "CZE-ch U14 Girls"]
[Site "Teplice"]
[Date "2023.03.18"]
[Round "9"]
[White "Dorazilova, Kristyna"]
[Black "Lackova, Ludmila"]
[Result "1-0"]
[WhiteElo "1483"]
[BlackElo "1414"]
[PlyCount "131"]
[EventDate "2023.03.11"]
[EventType "swiss"]
[EventRounds "9"]
[EventCountry "CZE"]
[SourceTitle "CBM 213 Extra"]
[Source "ChessBase"]
[SourceDate "2023.05.31"]
[SourceVersion "1"]
[SourceVersionDate "2023.05.31"]
[SourceQuality "1"]

1. e4 e5 2. Nf3 Nf6 3. Nxe5 d6 4. Nf3 Nxe4 5. d4 d5 6. Bd3 Bf5 7. 0-0 Be7 8. Re1 0-0 9. Nbd2 Nd6 10. Nf1 Bxd3 11. Qxd3 Bf6 12. Bf4 c6 13. c3 Ne4 14. Ng3 Nxg3 15. Bxg3 Nd7 16. Re2 Qa5 17. a3 g6 18. Rae1 Qb6 19. Qc2 Rfc8 20. Be5 Bxe5 21. Nxe5 Nf6 22. Qd2 Kg7 23. Qf4 Qc7 24. Qh4 Qd6 25. Nd3 Re8 26. f3 Rxe2 27. Rxe2 Re8 28. Qe1 Rxe2 29. Qxe2 Qe6 30. Qxe6 fxe6 31. Nc5 Kf7 32. Nxb7 Ke7 33. Kf2 Nd7 34. f4 Kf6 35. Kf3 h6 36. h4 h5 37. g4 Ke7 38. g5 Nb6 39. b3 Nd7 40. Ke3 Nb6 41. Nc5 Kd6 42. Nd3 Nd7 43. Ne5 Nxe5 44. dxe5+ Kc5 45. b4+ Kc4 46. Kd2 d4 47. cxd4 Kxd4 48. f5 gxf5 49. g6 Kxe5 50. g7 Ke4 51. g8Q e5 52. Qg3 c5 53. bxc5 Kd4 54. Qd3+ Kxc5 55. Qxf5 Kd4 56. Qxh5 e4 57. Qg4 Ke5 58. Ke3 Kf6 59. Qxe4 a5 60. Kf4 a4 61. Qe5+ Kg6 62. Qf5+ Kh6 63. Qg5+ Kh7 64. Kf5 Kh8 65. Kf6 Kh7 66. Qg7# 1-0

[Event "CZE-ch U14 Girls"]
[Site "Teplice"]
[Date "2023.03.17"]
[Round "8"]
[White "Lackova, Ludmila"]
[Black "Brezikova, Beata"]
[Result "1/2-1/2"]
[WhiteElo "1414"]
[BlackElo "1454"]
[PlyCount "57"]
[EventDate "2023.03.11"]
[EventType "swiss"]
[EventRounds "9"]
[EventCountry "CZE"]
[SourceTitle "CBM 213 Extra"]
[Source "ChessBase"]
[SourceDate "2023.05.31"]
[SourceVersion "1"]
[SourceVersionDate "2023.05.31"]
[SourceQuality "1"]

1. d4 d5 2. c4 e5 3. dxe5 d4 4. Nf3 Nc6 5. g3 Nge7 6. Bg2 Ng6 7. 0-0 Bc5 8. Bg5 Qd7 9. a3 a5 10. Qc2 0-0 11. b3 Ncxe5 12. Nxe5 Nxe5 13. Bf4 Ng6 14. Bc1 Re8 15. Be4 Qe7 16. Bd3 Bg4 17. Re1 Bh3 18. Nd2 Bb6 19. Nf1 Rad8 20. Nd2 Bc5 21. Nf1 Qe6 22. Nd2 Kh8 23. Qb1 Qe7 24. Qc2 Bb6 25. Nf1 Bc5 26. Nd2 Bb6 27. Nf1 Bc5 28. Nd2 Bb6 29. Nf1 1/2-1/2

[Event "CZE-ch U14 Girls"]
[Site "Teplice"]
[Date "2023.03.15"]
[Round "6"]
[White "Lackova, Ludmila"]
[Black "Slivova, Linda"]
[Result "1-0"]
[WhiteElo "1414"]
[BlackElo "1474"]
[PlyCount "181"]
[EventDate "2023.03.11"]
[EventType "swiss"]
[EventRounds "9"]
[EventCountry "CZE"]
[SourceTitle "CBM 213 Extra"]
[Source "ChessBase"]
[SourceDate "2023.05.31"]
[SourceVersion "1"]
[SourceVersionDate "2023.05.31"]
[SourceQuality "1"]

1. d4 d5 2. c4 e6 3. Nc3 Nf6 4. cxd5 exd5 5. Bg5 Be7 6. Nf3 c6 7. Qc2 Bg4 8. Ne5 Bh5 9. e3 Nbd7 10. Nxd7 Qxd7 11. Bd3 Bg6 12. 0-0 Bxd3 13. Qxd3 0-0 14. Rab1 Ne4 15. Bxe7 Qxe7 16. Nxe4 dxe4 17. Qc4 Kh8 18. b4 Rac8 19. Qc5 Qxc5 20. bxc5 Rb8 21. Rb2 b5 22. cxb6 Rxb6 23. Rxb6 axb6 24. Rb1 Rb8 25. g3 Kg8 26. Rc1 Rc8 27. d5 c5 28. Rb1 Rb8 29. a4 Kf8 30. a5 b5 31. Rc1 c4 32. Rb1 c3 33. a6 Ra8 34. Rxb5 Rxa6 35. Rc5 Rd6 36. Rxc3 Rxd5 37. Rc2 Ke7 38. Rc4 f5 39. g4 Kf6 40. gxf5 Kxf5 41. Rc7 Kf6 42. Rc6+ Kf5 43. Kg2 Re5 44. Kg3 g5 45. h3 h5 46. h4 gxh4+ 47. Kxh4 Re8 48. Rc5+ Ke6 49. Rxh5 Rf8 50. Kg3 Rf3+ 51. Kg2 Rf8 52. Rg5 Rf6 53. Ra5 Rf8 54. Kf1 Rf3 55. Ke2 Rf8 56. Rh5 Rf7 57. Rh8 Rf5 58. Re8+ Kd5 59. Rd8+ Ke5 60. Ra8 Ke6 61. Ra6+ Ke7 62. Ra4 Re5 63. Kd2 Kf6 64. Kc3 Kf5 65. Kc4 Re8 66. Ra5+ Kf6 67. Kd4 Re6 68. Rd5 Re8 69. Ra5 Re6 70. Ra4 Kf5 71. Ra5+ Kf6 72. Rh5 Re8 73. Rh4 Ra8 74. Rxe4 Rd8+ 75. Kc3 Kf5 76. Rd4 Rc8+ 77. Kd2 Ra8 78. Ke2 Ke5 79. Rh4 Ra2+ 80. Kf3 Ra3 81. Rh5+ Kf6 82. Kf4 Ra4+ 83. e4 Ra2 84. f3 Ra4 85. Rh6+ Kg7 86. Rb6 Ra8 87. Kg5 Ra5+ 88. Kg4 Ra4 89. Rd6 Kf7 90. Kf5 Ra7 91. e5 1-0

[Event "CZE-ch U14 Girls"]
[Site "Teplice"]
[Date "2023.03.13"]
[Round "4"]
[White "Lackova, Ludmila"]
[Black "Barteckova, Valerie"]
[Result "1/2-1/2"]
[WhiteElo "1414"]
[BlackElo "1478"]
[PlyCount "64"]
[EventDate "2023.03.11"]
[EventType "swiss"]
[EventRounds "9"]
[EventCountry "CZE"]
[SourceTitle "CBM 213 Extra"]
[Source "ChessBase"]
[SourceDate "2023.05.31"]
[SourceVersion "1"]
[SourceVersionDate "2023.05.31"]
[SourceQuality "1"]

1. d4 Nf6 2. c4 e5 3. dxe5 Ng4 4. Nf3 Bc5 5. e3 Nc6 6. b3 0-0 7. Bb2 Re8 8. Nbd2 Ngxe5 9. Nxe5 Nxe5 10. Nf3 Bb4+ 11. Nd2 d6 12. Qc2 Bd7 13. Bc3 Bxc3 14. Qxc3 Bf5 15. e4 Bg6 16. f3 Qf6 17. Rc1 Rad8 18. Qa5 Nc6 19. Qc3 Qxc3 20. Rxc3 d5 21. cxd5 Rxd5 22. Be2 Rd6 23. Nc4 Rd7 24. Kf2 Red8 25. Ke3 f6 26. Rd3 Rxd3+ 27. Bxd3 Nb4 28. Bb1 Bf7 29. Nb2 Kf8 30. Rd1 Rxd1 31. Nxd1 Ke7 32. Nc3 c6 1/2-1/2

[Event "CZE-ch U14 Girls"]
[Site "Luhacovice"]
[Date "2022.03.17"]
[Round "7"]
[White "Koval, Anna"]
[Black "Lackova, Ludmila"]
[Result "0-1"]
[WhiteElo "1278"]
[BlackElo "1165"]
[PlyCount "120"]
[EventDate "2022.03.12"]
[EventType "swiss"]
[EventRounds "9"]
[EventCountry "CZE"]
[SourceTitle "EXT 2023"]
[Source "ChessBase"]
[SourceDate "2022.10.05"]
[SourceVersion "1"]
[SourceVersionDate "2022.10.05"]
[SourceQuality "1"]

1. e4 e5 2. Nf3 Nf6 3. Nxe5 d6 4. Nf3 Nxe4 5. Bc4 d5 6. Bb3 Be7 7. d3 Nf6 8. Bg5 0-0 9. d4 Bg4 10. h3 Be6 11. 0-0 Re8 12. Re1 Ne4 13. Bxe7 Qxe7 14. Nbd2 Nf6 15. c4 Qd8 16. Ng5 dxc4 17. Nxc4 Bxc4 18. Rxe8+ Nxe8 19. Qh5 Nf6 20. Qf3 Bxb3 21. Qxb3 Qd5 22. Qe3 Nc6 23. Nf3 Re8 24. Qc3 h6 25. Rd1 Qxa2 26. Ne5 Qa4 27. b3 Qb4 28. Qd3 Qd6 29. Nc4 Qd8 30. Kh2 Ne4 31. Qc2 Nd6 32. d5 Ne7 33. Ne3 Ng6 34. b4 Qd7 35. Qc5 b6 36. Qc3 Ne4 37. Qb2 Qe7 38. Qc2 Nd6 39. Kg1 Rc8 40. Kh1 Qe4 41. Qc3 Qf4 42. Rf1 Qe5 43. Qa3 Ra8 44. Qc1 Qe7 45. Qc6 Rd8 46. Qa4 Nc8 47. Qa1 Qd7 48. g4 Qe8 49. Nf5 f6 50. Re1 Qd7 51. Rd1 Ne5 52. Kg2 Qb5 53. f4 Qe2+ 54. Kh1 Nf3 55. Rd2 Qxd2 56. Qg1 Nxg1 57. Kxg1 Re8 58. Ng3 Re1+ 59. Nf1 Qxf4 60. Kh1 Rxf1+ 0-1

[Event "CZE-ch U14 Girls"]
[Site "Luhacovice"]
[Date "2022.03.16"]
[Round "6"]
[White "Lackova, Ludmila"]
[Black "Kavanova, Anezka"]
[Result "0-1"]
[WhiteElo "1165"]
[BlackElo "1089"]
[PlyCount "74"]
[EventDate "2022.03.12"]
[EventType "swiss"]
[EventRounds "9"]
[EventCountry "CZE"]
[SourceTitle "EXT 2023"]
[Source "ChessBase"]
[SourceDate "2022.10.05"]
[SourceVersion "1"]
[SourceVersionDate "2022.10.05"]
[SourceQuality "1"]

1. d4 d5 2. c4 c6 3. Nc3 Nf6 4. cxd5 cxd5 5. Nf3 Nc6 6. Bf4 e6 7. e3 Be7 8. Bb5 Bd7 9. 0-0 0-0 10. Qc2 a6 11. Ba4 b5 12. Bb3 Nh5 13. Ne2 Rc8 14. Qd1 Nxf4 15. Nxf4 Bd6 16. Nd3 Re8 17. a3 f6 18. Re1 e5 19. Bxd5+ Kh8 20. dxe5 fxe5 21. e4 Bg4 22. Re3 Rf8 23. Nde1 Nd4 24. Rb1 Bc5 25. Rd3 Qf6 26. Qd2 Bxf3 27. Nxf3 Nxf3+ 28. Rxf3 Qh4 29. Rxf8+ Rxf8 30. Rf1 Rf6 31. Qc2 Bf8 32. Qc8 Qf4 33. Qh3 Qd2 34. Qb3 Rxf2 35. Qd1 Rxg2+ 36. Kh1 Rxh2+ 37. Kg1 Qg2# 0-1

[Event "CZE-ch U14 Girls"]
[Site "Luhacovice"]
[Date "2022.03.15"]
[Round "5"]
[White "Brezikova, Beata"]
[Black "Lackova, Ludmila"]
[Result "1-0"]
[WhiteElo "1266"]
[BlackElo "1165"]
[PlyCount "113"]
[EventDate "2022.03.12"]
[EventType "swiss"]
[EventRounds "9"]
[EventCountry "CZE"]
[SourceTitle "EXT 2023"]
[Source "ChessBase"]
[SourceDate "2022.10.05"]
[SourceVersion "1"]
[SourceVersionDate "2022.10.05"]
[SourceQuality "1"]

1. e4 e5 2. Nf3 d6 3. d4 exd4 4. Nxd4 Nf6 5. Nc3 Be7 6. Be3 0-0 7. Be2 Nc6 8. 0-0 Ne5 9. h3 Be6 10. Rb1 a6 11. a3 Rb8 12. f4 Nc6 13. Nxc6 bxc6 14. Bxa6 Nd7 15. f5 Bxf5 16. exf5 Bf6 17. Bd4 Ne5 18. Ne4 Nd7 19. Nxf6+ Nxf6 20. Re1 c5 21. Bc3 d5 22. Be2 d4 23. Bd2 Qd5 24. g4 Qd6 25. Bf1 Nd5 26. Qf3 Nf6 27. Bf4 Qd7 28. Bg2 Rb6 29. Re5 c4 30. Rc5 c3 31. Rxc7 Qa4 32. b3 Qxa3 33. Rc4 Qa2 34. Qd1 d3 35. cxd3 Qa6 36. Qc2 Rc8 37. Qxc3 Rf8 38. Ra1 Qb5 39. b4 Qe8 40. Ra8 Qe7 41. Rxf8+ Kxf8 42. Rc8+ Ne8 43. Bc6 Rxc6 44. Rxc6 Qa7+ 45. Qc5+ Qxc5+ 46. bxc5 Nf6 47. Bg5 Ke7 48. Bxf6+ gxf6 49. Rd6 h6 50. Rd4 Ke8 51. c6 h5 52. c7 Kf8 53. c8Q+ Kg7 54. gxh5 Kh6 55. Rg4 Kh7 56. h6 Kxh6 57. Qh8# 1-0

[Event "EU Union-ch U12"]
[Site "Kouty nad Desnou"]
[Date "2020.08.16"]
[Round "3"]
[White "Cinkova, Vicky"]
[Black "Lackova, Ludmila"]
[Result "1-0"]
[WhiteElo "1256"]
[BlackElo "1013"]
[PlyCount "173"]
[EventDate "2020.08.14"]
[EventType "swiss"]
[EventRounds "9"]
[EventCountry "CZE"]
[SourceTitle "EXT 2021"]
[Source "ChessBase"]
[SourceDate "2020.10.23"]
[SourceVersion "1"]
[SourceVersionDate "2020.10.23"]
[SourceQuality "1"]

1. e4 e5 2. Nf3 Nf6 3. Nc3 Nc6 4. d4 exd4 5. Nxd4 Nxd4 6. Qxd4 Be7 7. Be2 0-0 8. 0-0 d6 9. Be3 Be6 10. Rad1 Re8 11. Bg5 Qd7 12. e5 dxe5 13. Qxd7 Nxd7 14. Bxe7 Rxe7 15. Bf3 c6 16. Rfe1 Bf5 17. Rd2 h6 18. h3 Rae8 19. a3 e4 20. Bg4 Bxg4 21. hxg4 Nf6 22. f3 e3 23. Rd4 Rd7 24. Rxd7 Nxd7 25. Ne4 g6 26. Rd1 e2 27. Re1 Re7 28. Rxe2 Kf8 29. Kf2 Re5 30. Rd2 Rd5 31. Rxd5 cxd5 32. Nc3 Nb6 33. Nb5 Nc8 34. b3 Ke7 35. Ke3 a6 36. Nc3 Kd6 37. Kd4 Ne7 38. Ne2 Nc6+ 39. Ke3 g5 40. Ng3 Ne7 41. Kd3 Ke5 42. Nh5 d4 43. Ng7 b6 44. c3 dxc3 45. Kxc3 Nd5+ 46. Kd2 Ne7 47. Ne8 Nd5 48. Ng7 Ne7 49. Nh5 Nd5 50. Ng3 Ne7 51. Ne4 Nc6 52. Nc3 Nd4 53. b4 b5 54. Ne4 Ne6 55. Kc3 f6 56. g3 f5 57. gxf5 Kxf5 58. Nd6+ Kf6 59. Kd3 h5 60. Ke4 h4 61. gxh4 gxh4 62. Ke3 h3 63. Kf2 Nf4 64. Kg3 Ke5 65. Nf7+ Kf5 66. Nd6+ Ke5 67. Nb7 Ne2+ 68. Kxh3 Nd4 69. Kg4 Nxf3 70. Kxf3 Kd4 71. Ke2 Kc3 72. Nc5 Kb2 73. Kd3 Ka2 74. Kc3 Kxa3 75. Nxa6 Ka4 76. Kd4 Ka3 77. Kc5 Ka4 78. Kb6 Ka3 79. Kxb5 Kb3 80. Nc5+ Ka3 81. Ka5 Ka2 82. b5 Ka3 83. b6 Ka2 84. b7 Ka3 85. b8Q Ka2 86. Nd3 Ka3 87. Qb2# 1-0

[Event "EU Union-ch U12"]
[Site "Kouty nad Desnou"]
[Date "2020.08.14"]
[Round "1"]
[White "Kulczycka, Zofia"]
[Black "Lackova, Ludmila"]
[Result "1/2-1/2"]
[WhiteElo "1524"]
[BlackElo "1013"]
[PlyCount "103"]
[EventDate "2020.08.14"]
[EventType "swiss"]
[EventRounds "9"]
[EventCountry "CZE"]
[SourceTitle "EXT 2021"]
[Source "ChessBase"]
[SourceDate "2020.10.23"]
[SourceVersion "1"]
[SourceVersionDate "2020.10.23"]
[SourceQuality "1"]

1. e4 e5 2. Nf3 Nf6 3. Nxe5 d6 4. Nf3 Nxe4 5. d4 d5 6. Bd3 Bf5 7. 0-0 Bd6 8. Re1 0-0 9. a3 Re8 10. c4 c6 11. cxd5 cxd5 12. Be3 Nc6 13. Nc3 Nxc3 14. bxc3 Bxd3 15. Qxd3 Qc7 16. h3 Rac8 17. Qb5 a6 18. Qxd5 Ne7 19. Qb3 b5 20. Rec1 Nf5 21. Bd2 Bf4 22. Bxf4 Qxf4 23. Ne5 Rc7 24. a4 Nxd4 25. Qb2 Rxe5 26. cxd4 Rxc1+ 27. Rxc1 Re8 28. axb5 axb5 29. Rd1 Qb8 30. d5 Rd8 31. Qb4 Rd6 32. Qc5 b4 33. Rb1 h6 34. Rxb4 Qd8 35. Qa7 Kh7 36. Qxf7 Rxd5 37. Rg4 Rg5 38. Rxg5 Qxg5 39. Qc7 Qf6 40. Qc2+ Qg6 41. Qxg6+ Kxg6 42. Kh2 Kg5 43. Kg3 g6 44. h4+ Kf5 45. Kf3 h5 46. Kg3 Ke4 47. f3+ Kf5 48. Kh3 Kf4 49. Kh2 Kf5 50. Kh3 Kf4 51. Kh2 Kf5 52. Kh3 1/2-1/2